| 000 | 00963nam a2200253 i 4500 | ||
|---|---|---|---|
| 001 | 170219 | ||
| 003 | ES-MaACL | ||
| 005 | 20240524063011.0 | ||
| 008 | 090212s1923 fr |||| | fre d | ||
| 080 | _a929 Rossini, Gioachino | ||
| 080 | _a78 Rossini, Gioachino | ||
| 100 | 0 |
_aStendhal, _d1783-1842 _9108086 |
|
| 245 | 1 | 0 |
_aVie de Rossini _b; suivie des Notes d'un dilettante / _cStendhal ; texte établi et annoté, avec préface et avant-propos, par Henry Prunières. |
| 246 | 1 | 5 | _aOeuvres complètes de Stendhal / publiées sous la direction de Paul Arbelet et Édouard Champion |
| 260 |
_aParis : _bAncienne Honoré Champion, _c1923. |
||
| 300 |
_a2 v. ; _c23 cm. |
||
| 500 | _aÍndices. | ||
| 599 | _aFacs. de port. de 1824 en t. I. | ||
| 599 | _aRetr. de Rossini en t. II. | ||
| 700 | 1 |
_aPrunières, Henry. _9139433 |
|
| 740 | 0 | _aNotes d'un dilettante. | |
| 852 | 4 |
_aES-MaACL _jE-12449-50 _9R.140627 |
|
| 999 |
_c170219 _d170219 |
||